000 01289cam a2200289 4500
001 gs 67000301
003 DLC
005 20260227111421.0
008 700727s1968 dcuab b 000 0 eng c
010 _ags 67000301
040 _aU.S. Geological Survey Library
_cDLC
_dDLC
050 0 0 _aQE75
_b.P9 no. 587
051 _aQE166.G7
_bK5
_cCopy 2.
082 0 0 _a550/.8 s
100 1 _aKing, Philip Burke,
_d1903-
245 1 0 _aGeology of the Great Smoky Mountains National Park. Tennessee and North Carolina,
_cby Philip B. King, Robert B. Neuman, and Jarvis B. Hadley.
260 _aWashington,
_b[U.S. Dept. of the Interior, Geological Survey; for sale by the Supt. of Docs.] U.S. Govt. Print. Off.,
_c1968.
300 _av, 23 p.
_billus., fold. col. map (in pocket)
_c29 cm.
490 1 _aGeological Survey professional paper 587
504 _aBibliography: p. 23.
650 0 _aGeology
_zGreat Smoky Mountains National Park (N.C. and Tenn.)
651 0 _aGreat Smoky Mountains National Park (N.C. and Tenn.)
700 1 _aNeuman, Robert B.,
_d1920-
_ejoint author.
700 1 _aHadley, Jarvis B.
_q(Jarvis Bardwell),
_d1909-
_ejoint author.
740 0 _aGreat Smoky Mountains National Park, Tennessee and North Carolina.
830 0 _aGeological Survey professional paper ;
_v587.
999 _c30384
_d30384